000 00574nam a2200217Ia 4500
003 OSt
005 20220918230912.0
006 a|||||r|||| 00| 0
007 ta
008 220917b |||||||| |||| 00| 0 eng d
024 _a261,514
037 _cTextual
040 _aARTS
_cARTS
_beng
041 _2eng
_aeng
082 _az444, M9
100 _aRaman Varadaraja V
_9153494
245 0 _aGlimpses of Indian heritage
260 _aBombay
_bPopular Prakashan
_c1989
942 _hz444, M9
_cTEXL
_2CC
999 _c289262
_d289262